| 000 | 00426nam a22001697a 4500 | ||
|---|---|---|---|
| 999 |
_c524218 _d524218 |
||
| 003 | NUST | ||
| 038 | _awaseem | ||
| 082 |
_a910.549 _bSIN |
||
| 100 |
_aSingh, Gorpal _915031 |
||
| 245 |
_aMitti Di Muth / _cGorpal Singh |
||
| 260 |
_aLahore : _bPunjabi Markaz, _c2008. |
||
| 300 | _a80 p. ; | ||
| 500 | _aHardcover. | ||
| 880 |
_6100-02\r _aگرپال سنگھ |
||
| 880 |
_6245-02\r _aمٹی دی مٹھ / |
||
| 942 |
_2ddc _cBK |
||